000 01025cad a22002415a 4500
001 E148074
008 090721s2009 xxkao f 000 0 eng d
035 _a(Sirsi) u148074
041 0 _aeng
050 0 4 _a333.33 $2 18
110 2 _aStrutt & Parker
_92509
245 0 0 _aScottish estates review 2009
_h[electronic resource]
260 _a[Scotland]
_bStrutt & Parker
_c2009
490 0 _aStrutt and Parker Scottish Estates Review
505 2 _aHot topics -- A thoroughly modern enterprise -- 5 places for great sport -- Testing the waters -- 10 topical tips -- The ultimate eco-house -- Hot spots -- Labour of love -- Contacts
520 _aReviews the performance of the Scottish estates market during 2008 and looks at issues of relevance to the sector.
521 _aAdvanced
590 _aKA
651 4 _aScotland
_y1999-
690 _aPROPERTY-PROPERTY MARKET
856 4 0 _uhttps://www.struttandparker.com/html/respublications.php
_zView the report free of charge at www.struttandparker.com...
942 _n0
999 _c109871
_d109871